Suicide in French Thought from Montesquieu to Cioran : (Record no. 617353)

MARC details
000 -LEADER
fixed length control field 00577nam a2200193 a 4500
008 - FIXED-LENGTH DATA ELEMENTS--GENERAL INFORMATION
fixed length control field 260310s1998##################000#0#eng##
020 ## - INTERNATIONAL STANDARD BOOK NUMBER
ISBN 9780820440033
082 04 - DEWEY DECIMAL CLASSIFICATION NUMBER
Classification number 362.280944
Item number CAH.41
100 1# - MAIN ENTRY--AUTHOR NAME
Personal name Cahn, Zilla Gabrielle,
245 10 - TITLE STATEMENT
Title Suicide in French Thought from Montesquieu to Cioran :
260 ## - PUBLICATION, DISTRIBUTION, ETC. (IMPRINT)
Name of publisher Peter Lang Incorporated, International Academic Publishers,
Year of publication 1998.
300 ## - PHYSICAL DESCRIPTION
Number of Pages 456 pages
650 #0 - SUBJECT ADDED ENTRY--TOPICAL TERM
Topical Term History.
942 ## - ADDED ENTRY ELEMENTS (KOHA)
Koha item type English Books
Holdings
Withdrawn status Lost status Damaged status Not for loan Home library Current library Shelving location Date acquired Full call number Accession Number Price effective from Koha item type
        Anna Centenary Library Anna Centenary Library 4TH FLOOR, A WING 10.03.2026 362.280944 CAH.41 215611 10.03.2026 English Books

Find us on the map